[Event "RA-2019-0-00646"]
[Site "LSS email"]
[Date "2019.11.17"]
[Round "?"]
[White "Helmer, Janos"]
[Black "Sacerdotali, Sergio"]
[Result "1-0"]
[WhiteElo "2215"]
[BlackElo "2203"]
[PlyCount "99"]
[EventDate "2019.10.23"]
[EventType "tourn (corr)"]
[EventRounds "6"]
[EventCountry "GER"]
[SourceTitle "Corr 2022"]
[Source "ChessBase"]
[SourceDate "2021.10.24"]
[SourceVersion "1"]
[SourceVersionDate "2021.10.24"]
[SourceQuality "1"]

1. c4 e5 2. Nc3 Nf6 3. g3 Bb4 4. Bg2 0-0 5. Nd5 Nxd5 6. cxd5 c6 7. a3 Be7 8. d4 exd4 9. Qxd4 Bf6 10. Qd3 Re8 11. Nh3 d6 12. 0-0 c5 13. Rb1 Nd7 14. Nf4 g6 15. Bd2 a5 16. Rfe1 Ne5 17. Qc2 b5 18. Nd3 Nc4 19. Bc3 Ba6 20. Bxf6 Qxf6 21. e4 b4 22. axb4 cxb4 23. Qa4 Rec8 24. e5 dxe5 25. d6 Rab8 26. d7 Rd8 27. Nc5 Bb5 28. Qd1 Kg7 29. Rc1 Nxb2 30. Qb3 e4 31. Bxe4 Qd4 32. Bd5 Nd3 33. Nxd3 Qxd3 34. Qb2+ Kg8 35. Rc5 Rxd7 36. Qe5 Rbd8 37. Bxf7+ Rxf7 38. Rxb5 Qf3 39. Rf1 Rf5 40. Qc7 Rdd5 41. Rb8+ Rf8 42. Rxf8+ Qxf8 43. Re1 Qd8 44. Qc2 Rd2 45. Qc5 Rd1 46. Rxd1 Qxd1+ 47. Kg2 Qd3 48. Qxa5 b3 49. Qb4 Kf7 50. Qb7+ 1-0

[Event "RA-2019-0-00646"]
[Site "LSS email"]
[Date "2019.11.17"]
[Round "?"]
[White "Sacerdotali, Sergio"]
[Black "Willmann, Bernd"]
[Result "1/2-1/2"]
[WhiteElo "2203"]
[BlackElo "2291"]
[PlyCount "56"]
[EventDate "2019.10.23"]
[EventType "tourn (corr)"]
[EventRounds "6"]
[EventCountry "GER"]
[SourceTitle "Corr 2022"]
[Source "ChessBase"]
[SourceDate "2021.10.24"]
[SourceVersion "1"]
[SourceVersionDate "2021.10.24"]
[SourceQuality "1"]

1. d4 Nf6 2. c4 e6 3. Nf3 b6 4. g3 Ba6 5. b3 Bb4+ 6. Bd2 Be7 7. Bg2 c6 8. Bc3 d5 9. Nbd2 Nbd7 10. 0-0 0-0 11. Re1 Bb7 12. e4 dxe4 13. Nxe4 c5 14. Nfg5 cxd4 15. Bxd4 Qc7 16. Nxf6+ Bxf6 17. Bxb7 Qxb7 18. Ne4 Bxd4 19. Qxd4 Rad8 20. Rad1 Qc8 21. Qc3 Qc7 22. h4 h6 23. Rd2 Ne5 24. Red1 Rxd2 25. Rxd2 f6 26. f3 Rd8 27. Kf2 Nc6 28. Rxd8+ Qxd8 1/2-1/2

[Event "RA-2019-0-00642"]
[Site "LSS email"]
[Date "2019.10.24"]
[Round "?"]
[White "Sacerdotali, Sergio"]
[Black "Sorcinelli, Andrea"]
[Result "1/2-1/2"]
[WhiteElo "2202"]
[BlackElo "2207"]
[PlyCount "77"]
[EventDate "2019.10.01"]
[EventType "tourn (corr)"]
[EventRounds "6"]
[EventCountry "GER"]
[SourceTitle "Corr 2022"]
[Source "ChessBase"]
[SourceDate "2021.10.24"]
[SourceVersion "1"]
[SourceVersionDate "2021.10.24"]
[SourceQuality "1"]

1. e4 c5 2. Nf3 d6 3. d4 cxd4 4. Nxd4 Nf6 5. f3 Nc6 6. c4 e6 7. Nc3 Be7 8. Nc2 0-0 9. Be3 b6 10. Be2 Bb7 11. 0-0 Rc8 12. Nd4 Na5 13. Qa4 a6 14. Rac1 Re8 15. Rfd1 Nd7 16. Bf2 h6 17. Bf1 Ne5 18. b3 Qc7 19. Kh1 Qb8 20. h3 Nac6 21. Nc2 Nd7 22. Qa3 Nf6 23. Qb2 Ne5 24. Ne3 Bc6 25. Qe2 Ng6 26. Qe1 Red8 27. Nc2 Nd7 28. Be3 Nc5 29. Qd2 Bb7 30. Nd4 Ba8 31. Qf2 Bf6 32. Kg1 Ne5 33. Rc2 Ng6 34. b4 Nd7 35. a3 Rc7 36. Na4 Bh4 37. Qd2 Rdc8 38. Rc3 Rd8 39. Nb2 1/2-1/2

[Event "RA-2019-0-00638"]
[Site "LSS email"]
[Date "2019.10.02"]
[Round "?"]
[White "Cirulis, Ilmars"]
[Black "Sacerdotali, Sergio"]
[Result "1/2-1/2"]
[WhiteElo "2205"]
[BlackElo "2197"]
[PlyCount "49"]
[EventDate "2019.08.31"]
[EventType "tourn (corr)"]
[EventRounds "6"]
[EventCountry "GER"]
[SourceTitle "Corr 2022"]
[Source "ChessBase"]
[SourceDate "2021.10.24"]
[SourceVersion "1"]
[SourceVersionDate "2021.10.24"]
[SourceQuality "1"]

1. e4 e5 2. Nc3 Nf6 3. Nf3 Nc6 4. Bb5 Bb4 5. 0-0 0-0 6. d3 Bxc3 7. bxc3 d6 8. Bg5 h6 9. Bh4 Bd7 10. d4 Re8 11. Re1 a6 12. Bd3 Bg4 13. d5 Nb8 14. h3 Bxf3 15. Qxf3 Nbd7 16. a4 a5 17. Bb5 g5 18. Bg3 Kg7 19. Qd1 Rg8 20. f3 Nc5 21. Bf2 Nfd7 22. Be3 Nf8 23. Qd2 Ng6 24. Rab1 Rb8 25. Red1 1/2-1/2

[Event "RA-2019-0-00635"]
[Site "LSS email"]
[Date "2019.09.17"]
[Round "?"]
[White "Sacerdotali, Sergio"]
[Black "Koch, Christian"]
[Result "1/2-1/2"]
[WhiteElo "2195"]
[BlackElo "2291"]
[PlyCount "94"]
[EventDate "2019.08.04"]
[EventType "tourn (corr)"]
[EventRounds "6"]
[EventCountry "GER"]
[SourceTitle "Corr 2022"]
[Source "ChessBase"]
[SourceDate "2021.10.24"]
[SourceVersion "1"]
[SourceVersionDate "2021.10.24"]
[SourceQuality "1"]

1. e4 e5 2. Nf3 Nf6 3. Nxe5 d6 4. Nf3 Nxe4 5. d4 d5 6. Bd3 Nc6 7. 0-0 Be7 8. c4 Nb4 9. Be2 0-0 10. Nc3 Bf5 11. a3 Nxc3 12. bxc3 Nc6 13. Re1 Re8 14. cxd5 Qxd5 15. Bf4 Rac8 16. Bd3 Qd7 17. Rb1 b6 18. d5 Bxd3 19. Qxd3 Bxa3 20. Ng5 g6 21. Ne4 Qf5 22. Bxc7 Rxc7 23. Nf6+ Qxf6 24. Rxe8+ Kg7 25. dxc6 Bc5 26. Rf1 Rxc6 27. Qd8 Qxd8 28. Rxd8 Re6 29. Rd2 a5 30. Rc1 a4 31. Kf1 a3 32. Re2 Rc6 33. Ra2 Be7 34. Ke2 b5 35. Rb1 Rxc3 36. Rxb5 h5 37. Kd1 Rc7 38. Ra5 Rb7 39. Ra6 Rb1+ 40. Ke2 Rb3 41. h4 Bc5 42. Ra5 Be7 43. g3 Rc3 44. Ra7 Bb4 45. Rb7 Bf8 46. Kd1 Bc5 47. Rc7 Kf6 1/2-1/2

[Event "RA-2019-0-00635"]
[Site "LSS email"]
[Date "2019.09.17"]
[Round "?"]
[White "Sacerdotali, Sergio"]
[Black "Vaassen, Jack M"]
[Result "1-0"]
[WhiteElo "2195"]
[BlackElo "2102"]
[PlyCount "89"]
[EventDate "2019.08.04"]
[EventType "tourn (corr)"]
[EventRounds "6"]
[EventCountry "GER"]
[SourceTitle "Corr 2022"]
[Source "ChessBase"]
[SourceDate "2021.10.24"]
[SourceVersion "1"]
[SourceVersionDate "2021.10.24"]
[SourceQuality "1"]

1. d4 e6 2. c4 f5 3. g3 Nf6 4. Bg2 Be7 5. Nf3 0-0 6. 0-0 d6 7. b3 a5 8. Nc3 Qe8 9. Bb2 Qh5 10. e3 c6 11. Rc1 Na6 12. Na4 Rb8 13. c5 dxc5 14. dxc5 Nb4 15. a3 Rd8 16. Bd4 Nbd5 17. Qe2 Bd7 18. Qe1 Be8 19. Qxa5 Ra8 20. Qd2 Nd7 21. Qb2 Qh6 22. Ne5 Nxe5 23. Bxe5 Bh5 24. Ra1 Ra6 25. h3 Nf6 26. Bf4 Qg6 27. Bd6 Bxd6 28. cxd6 Qe8 29. Nc5 Ra7 30. Qe5 b6 31. Na4 Ra5 32. Qb2 Ra6 33. Rfc1 Rxd6 34. Bf1 b5 35. Nc5 Ra7 36. Qe5 Qe7 37. Bg2 Ne8 38. a4 Qf6 39. f4 Qe7 40. a5 Nf6 41. b4 Nd7 42. Nxd7 Qxd7 43. g4 Be8 44. Bf3 Qc7 45. gxf5 1-0

[Event "RA-2019-0-00630"]
[Site "LSS email"]
[Date "2019.07.23"]
[Round "?"]
[White "Sacerdotali, Sergio"]
[Black "Kahl, Fred"]
[Result "1/2-1/2"]
[WhiteElo "2183"]
[BlackElo "2381"]
[PlyCount "68"]
[EventDate "2019.06.02"]
[EventType "tourn (corr)"]
[EventRounds "6"]
[EventCountry "GER"]
[SourceTitle "Corr 2022"]
[Source "ChessBase"]
[SourceDate "2021.10.24"]
[SourceVersion "1"]
[SourceVersionDate "2021.10.24"]
[SourceQuality "1"]

1. d4 d5 2. c4 c6 3. Nf3 Nf6 4. Nc3 e6 5. e3 Nbd7 6. Bd3 dxc4 7. Bxc4 b5 8. Bd3 Bb7 9. e4 b4 10. Na4 c5 11. e5 Nd5 12. 0-0 cxd4 13. Re1 g6 14. Bg5 Qa5 15. Nxd4 a6 16. a3 bxa3 17. Be4 Bb4 18. Re2 0-0 19. bxa3 Bc3 20. Rc1 Rac8 21. Rxc3 Rxc3 22. Bd2 Rfc8 23. Nxc3 Nxc3 24. Bxb7 Qb6 25. Bxc3 Rxc3 26. Nxe6 fxe6 27. Bf3 Qc5 28. Re1 Nxe5 29. Be2 Rxa3 30. Bf1 Ra2 31. Re3 Kf7 32. Qb3 Rd2 33. Qa4 Kg7 34. Qe4 Rd5 1/2-1/2

[Event "RA-2019-0-00630"]
[Site "LSS email"]
[Date "2019.07.23"]
[Round "?"]
[White "Sacerdotali, Sergio"]
[Black "Pilgram, Kurt"]
[Result "1-0"]
[WhiteElo "2183"]
[BlackElo "2202"]
[PlyCount "107"]
[EventDate "2019.06.02"]
[EventType "tourn (corr)"]
[EventRounds "6"]
[EventCountry "GER"]
[SourceTitle "Corr 2022"]
[Source "ChessBase"]
[SourceDate "2021.10.24"]
[SourceVersion "1"]
[SourceVersionDate "2021.10.24"]
[SourceQuality "1"]

1. d4 d5 2. c4 e6 3. Nf3 Nf6 4. g3 Bb4+ 5. Nbd2 dxc4 6. Qc2 b5 7. a4 c6 8. Bg2 Bb7 9. 0-0 0-0 10. e4 Nbd7 11. e5 Nd5 12. Ne4 a6 13. Neg5 g6 14. h4 c5 15. h5 cxd4 16. hxg6 hxg6 17. Nxe6 Qb6 18. Nexd4 Nc5 19. Bh6 Rfe8 20. Rad1 Rab8 21. Bg5 Nc7 22. Nf5 Nd3 23. Nh6+ Kg7 24. a5 Bxa5 25. Be3 Qe6 26. Ng5 Qd7 27. Bxb7 Rxb7 28. Nhxf7 Ne6 29. f4 Bb6 30. Bxb6 Rxb6 31. Qc3 Qa7 32. Kh2 b4 33. Qc2 Qe7 34. Qd2 Rb5 35. Kg2 Rd5 36. Qe3 Qd7 37. Nxe6+ Qxe6 38. Ng5 Qc6 39. Qf3 Rh8 40. e6 Re8 41. Rh1 Rxe6 42. Nxe6+ Qxe6 43. b3 Ra5 44. Rh2 Qd5 45. Qxd5 Rxd5 46. Kf1 c3 47. Rc2 Nxf4 48. Rxd5 Nxd5 49. Ke2 Ne7 50. Kd3 a5 51. Rf2 Nc6 52. Rf1 Nb8 53. Kc4 Nc6 54. Kc5 1-0

[Event "RA-2019-0-00627"]
[Site "LSS email"]
[Date "2019.06.26"]
[Round "?"]
[White "Dehaybe, Andre"]
[Black "Sacerdotali, Sergio"]
[Result "1/2-1/2"]
[WhiteElo "2216"]
[BlackElo "2180"]
[PlyCount "69"]
[EventDate "2019.05.09"]
[EventType "tourn (corr)"]
[EventRounds "6"]
[EventCountry "GER"]
[SourceTitle "Corr 2022"]
[Source "ChessBase"]
[SourceDate "2021.10.24"]
[SourceVersion "1"]
[SourceVersionDate "2021.10.24"]
[SourceQuality "1"]

1. e4 c5 2. Nc3 Nc6 3. Nf3 d6 4. d4 cxd4 5. Nxd4 Nf6 6. Bg5 e6 7. Qd2 a6 8. 0-0-0 h6 9. Be3 Be7 10. f3 Nxd4 11. Bxd4 b5 12. h4 Rb8 13. a3 e5 14. Be3 Be6 15. Kb1 b4 16. axb4 Rxb4 17. b3 Qb8 18. Na2 Ra4 19. Nc3 Ra5 20. Na2 Ra4 21. Nc3 Ra3 22. Kb2 Ra5 23. Bf2 0-0 24. Nd5 Rxd5 25. exd5 Nxd5 26. Bc4 Nb4 27. Bxe6 fxe6 28. Rhe1 d5 29. Qe2 Qb7 30. Bg3 Nc6 31. Ra1 a5 32. Red1 Bf6 33. Kb1 Rc8 34. Be1 Nd4 35. Rxd4 1/2-1/2

[Event "RA-2019-0-00627"]
[Site "LSS email"]
[Date "2019.06.26"]
[Round "?"]
[White "Sacerdotali, Sergio"]
[Black "Sorcinelli, Andrea"]
[Result "1/2-1/2"]
[WhiteElo "2180"]
[BlackElo "2080"]
[PlyCount "74"]
[EventDate "2019.05.09"]
[EventType "tourn (corr)"]
[EventRounds "6"]
[EventCountry "GER"]
[SourceTitle "Corr 2022"]
[Source "ChessBase"]
[SourceDate "2021.10.24"]
[SourceVersion "1"]
[SourceVersionDate "2021.10.24"]
[SourceQuality "1"]

1. d4 Nf6 2. c4 e6 3. g3 d5 4. Bg2 Be7 5. Nf3 0-0 6. 0-0 dxc4 7. Qc2 a6 8. a4 Bd7 9. Qxc4 Bc6 10. Bg5 Bd5 11. Qc2 Be4 12. Qc1 Nc6 13. Nbd2 Nxd4 14. Nxd4 Bxg2 15. Nxe6 fxe6 16. Kxg2 Qd5+ 17. Nf3 h6 18. Bxf6 Bxf6 19. Rd1 Qe4 20. Rd2 Rfd8 21. Qc2 Rd4 22. b3 c6 23. Rb1 a5 24. h4 b5 25. Qxe4 Rxe4 26. Ra2 bxa4 27. bxa4 Rc8 28. Rc1 c5 29. Nd2 Rb4 30. Nc4 h5 31. Rd2 Ra8 32. Ra2 Kf7 33. e3 Kg6 34. f3 Ra7 35. Kg1 Rc7 36. Kf2 Kh7 37. f4 Kg8 1/2-1/2

[Event "RA-2018-0-00573"]
[Site "LSS email"]
[Date "2018.04.01"]
[Round "?"]
[White "Husemann, Andreas"]
[Black "Sacerdotali, Sergio"]
[Result "1/2-1/2"]
[WhiteElo "2245"]
[BlackElo "2178"]
[PlyCount "65"]
[EventDate "2018.03.13"]
[EventType "tourn (corr)"]
[EventRounds "6"]
[EventCountry "GER"]
[SourceTitle "Corr 2022"]
[Source "ChessBase"]
[SourceDate "2021.10.24"]
[SourceVersion "1"]
[SourceVersionDate "2021.10.24"]
[SourceQuality "1"]

1. d4 Nf6 2. c4 e6 3. Nc3 Bb4 4. Qc2 0-0 5. a3 Be7 6. e4 d6 7. Nf3 Nc6 8. Bd3 Nd7 9. Be3 h6 10. 0-0 Bf6 11. Ne2 b6 12. Rfd1 e5 13. d5 Ne7 14. Ng3 Ng6 15. b4 Nh4 16. Nd2 Bg5 17. Ngf1 Qf6 18. Re1 Ng6 19. Bxg5 Qxg5 20. Nf3 Qf6 21. Ne3 Nf4 22. Bf1 Nh3+ 23. Kh1 a5 24. Rec1 Ra7 25. Be2 Ng5 26. Nxg5 Qxg5 27. g3 g6 28. Rab1 Qe7 29. Kg2 Bb7 30. Ra1 Rfa8 31. Qb2 Bc8 32. Bd3 Qf8 33. Rf1 1/2-1/2

[Event "RM-2018-0-00178"]
[Site "LSS email"]
[Date "2018.02.04"]
[Round "?"]
[White "Sacerdotali, Sergio"]
[Black "Bernal Varela, Nelson"]
[Result "0-1"]
[WhiteElo "2155"]
[BlackElo "2366"]
[PlyCount "130"]
[EventDate "2017.07.19"]
[EventType "tourn (corr)"]
[EventRounds "6"]
[EventCountry "GER"]
[SourceTitle "Corr 2022"]
[Source "ChessBase"]
[SourceDate "2021.10.24"]
[SourceVersion "1"]
[SourceVersionDate "2021.10.24"]
[SourceQuality "1"]

1. d4 e6 2. c4 f5 3. g3 Nf6 4. Bg2 d5 5. Nh3 Bd6 6. 0-0 0-0 7. Bf4 Be7 8. cxd5 exd5 9. Bg5 c6 10. e3 h6 11. Bxf6 Rxf6 12. Nf4 Bd6 13. Nd3 a5 14. Nc3 Nd7 15. f4 Rf8 16. a3 Nf6 17. Ne5 Kh7 18. Rf2 Ne4 19. Re2 g5 20. Rc2 Be6 21. Qh5 Qe8 22. Qd1 Qe7 23. Qe2 Rg8 24. Rf1 Kh8 25. Na4 Raf8 26. Kh1 gxf4 27. exf4 Bxe5 28. dxe5 d4 29. Qd3 Rd8 30. Kg1 b5 31. Rxc6 bxa4 32. Qa6 Rg6 33. Bxe4 fxe4 34. f5 Bc8 35. Qc4 Rxc6 36. Qxc6 Qg5 37. e6 Qe7 38. Qxe4 d3 39. Qe3 Qf6 40. Rf2 Bb7 41. Rd2 Ba6 42. h3 Qd4 43. Kf2 Kg7 44. g4 Kf6 45. Qxd4+ Rxd4 46. Ke3 Rd5 47. Rh2 Re5+ 48. Kd2 Rc5 49. Ke3 Rc1 50. h4 h5 51. g5+ Kxf5 52. Rf2+ Kg6 53. e7 Bb5 54. e8Q+ Bxe8 55. Kxd3 Bb5+ 56. Ke3 Rh1 57. Rf6+ Kg7 58. Rf5 Rh3+ 59. Kd2 Rh2+ 60. Kc3 Be2 61. Rf4 Bd1 62. Kd4 Rxb2 63. Ke5 Bb3 64. Rd4 Ra2 65. Rd7+ Bf7 0-1

[Event "RM-2018-0-00178"]
[Site "LSS email"]
[Date "2018.02.04"]
[Round "?"]
[White "Sacerdotali, Sergio"]
[Black "Falatowicz, Piotr"]
[Result "1/2-1/2"]
[WhiteElo "2155"]
[BlackElo "2336"]
[PlyCount "42"]
[EventDate "2017.07.19"]
[EventType "tourn (corr)"]
[EventRounds "6"]
[EventCountry "GER"]
[SourceTitle "Corr 2022"]
[Source "ChessBase"]
[SourceDate "2021.10.24"]
[SourceVersion "1"]
[SourceVersionDate "2021.10.24"]
[SourceQuality "1"]

1. d4 Nf6 2. c4 e6 3. Nf3 d5 4. Nc3 Bb4 5. e3 0-0 6. Qc2 c5 7. dxc5 Bxc5 8. cxd5 exd5 9. Be2 Nc6 10. 0-0 Qe7 11. a3 Bb6 12. Na4 Bc7 13. b4 Bg4 14. Bb2 Rac8 15. Qd1 Ne4 16. Rc1 Rfd8 17. Nc5 Bb6 18. Nd3 Qd6 19. Nde5 Nxe5 20. Bxe5 Qe6 21. Rxc8 Rxc8 1/2-1/2

[Event "RA-2017-0-00555"]
[Site "LSS email"]
[Date "2017.12.15"]
[Round "?"]
[White "Sacerdotali, Sergio"]
[Black "Bubnov, Vladimir"]
[Result "1/2-1/2"]
[WhiteElo "2176"]
[BlackElo "2259"]
[PlyCount "84"]
[EventDate "2017.11.13"]
[EventType "tourn (corr)"]
[EventRounds "6"]
[EventCountry "GER"]
[SourceTitle "Corr 2022"]
[Source "ChessBase"]
[SourceDate "2021.10.24"]
[SourceVersion "1"]
[SourceVersionDate "2021.10.24"]
[SourceQuality "1"]

1. d4 Nf6 2. c4 g6 3. Nc3 Bg7 4. e4 d6 5. Nf3 0-0 6. Be2 e5 7. d5 a5 8. Bg5 Na6 9. Nd2 Nc5 10. 0-0 h6 11. Bh4 Bd7 12. b3 Qe8 13. a3 Nh7 14. f3 Nf6 15. Nb5 Na6 16. b4 Nh5 17. bxa5 Bf6 18. Bf2 Nf4 19. Re1 Nxe2+ 20. Qxe2 Qd8 21. Nb3 Be7 22. Rab1 Kh7 23. Red1 Be8 24. a4 f6 25. Nc1 Nc5 26. Bxc5 dxc5 27. Nb3 Bd6 28. Rd2 Bd7 29. Rdb2 Rf7 30. Qe1 Bc8 31. Qe3 Qe7 32. Rf2 Rg7 33. Qc3 Qd8 34. Re1 Ra6 35. Nc1 Bd7 36. Rd1 Bf8 37. Nb3 Bd6 38. Rb1 Bc8 39. Re1 Rf7 40. Rb2 Ra8 41. Qd2 Qf8 42. Nc1 Qd8 1/2-1/2

[Event "RA-2017-0-00555"]
[Site "LSS email"]
[Date "2017.12.14"]
[Round "?"]
[White "Sacerdotali, Sergio"]
[Black "Giuliani, Carlo"]
[Result "1/2-1/2"]
[WhiteElo "2176"]
[BlackElo "2221"]
[PlyCount "74"]
[EventDate "2017.11.13"]
[EventType "tourn (corr)"]
[EventRounds "6"]
[EventCountry "GER"]
[SourceTitle "Corr 2022"]
[Source "ChessBase"]
[SourceDate "2021.10.24"]
[SourceVersion "1"]
[SourceVersionDate "2021.10.24"]
[SourceQuality "1"]

1. d4 Nf6 2. c4 e6 3. Nf3 b6 4. a3 Bb7 5. Nc3 d5 6. cxd5 Nxd5 7. Qc2 Nxc3 8. bxc3 Be7 9. e4 0-0 10. Bd3 c5 11. 0-0 Qc7 12. Qe2 Rd8 13. Bb2 Nd7 14. Rad1 Rac8 15. Nd2 a6 16. d5 Ne5 17. c4 Nxd3 18. Qxd3 b5 19. Qe2 Qd7 20. f4 Bf8 21. dxe6 Qxe6 22. f5 Qd6 23. Nf3 Qh6 24. Ne5 Rxd1 25. Rxd1 Qh4 26. f6 Qxf6 27. Rd7 Bc6 28. Rxf7 Qe6 29. Rf5 Re8 30. h3 b4 31. Qg4 Ba4 32. Nd3 Qg6 33. Rg5 Qf7 34. Ne5 Qf6 35. Nd3 Qf7 36. Ne5 Qf6 37. Nd3 Qf7 1/2-1/2

[Event "RA-2017-0-00551"]
[Site "LSS email"]
[Date "2017.11.14"]
[Round "?"]
[White "Nowak, Ireneusz"]
[Black "Sacerdotali, Sergio"]
[Result "1/2-1/2"]
[WhiteElo "2150"]
[BlackElo "2173"]
[PlyCount "111"]
[EventDate "2017.10.31"]
[EventType "tourn (corr)"]
[EventRounds "6"]
[EventCountry "GER"]
[SourceTitle "Corr 2022"]
[Source "ChessBase"]
[SourceDate "2021.10.24"]
[SourceVersion "1"]
[SourceVersionDate "2021.10.24"]
[SourceQuality "1"]

1. e4 c5 2. Nf3 d6 3. d4 cxd4 4. Nxd4 Nf6 5. Nc3 a6 6. Bg5 e6 7. f4 Qb6 8. Qd2 Qxb2 9. Rb1 Qa3 10. e5 dxe5 11. fxe5 Nfd7 12. Ne4 h6 13. Bh4 Qxa2 14. Rd1 Qd5 15. Qe3 Qxe5 16. Be2 Bc5 17. Bg3 Qd5 18. c4 Bxd4 19. Rxd4 Qa5+ 20. Rd2 0-0 21. Bd6 Rd8 22. Qg3 Nc6 23. Bc7 Qf5 24. Nd6 Qb1+ 25. Bd1 Rf8 26. Nxc8 Qe4+ 27. Be2 Raxc8 28. Rxd7 e5 29. Qd3 Qxg2 30. Bf3 Qg5 31. Kf1 Qf6 32. Kg2 Qg5+ 33. Kf1 Qf6 34. Rg1 Rxc7 35. Rxc7 Nd4 36. Rg3 h5 37. Rd7 h4 38. Rxd4 hxg3 39. Rd6 e4 40. Rxf6 exd3 41. Rd6 gxh2 42. Kg2 Rc8 43. Bxb7 Rxc4 44. Kxh2 a5 45. Ba6 Rc3 46. Rd8+ Kh7 47. Bxd3+ Kh6 48. Kg3 g6 49. Rd6 Kg5 50. Kf3 f5 51. Ke3 Ra3 52. Ke2 a4 53. Bc4 Kh5 54. Bf7 Rg3 55. Kf2 f4 56. Rf6 1/2-1/2

[Event "RA-2017-0-00551"]
[Site "LSS email"]
[Date "2017.11.14"]
[Round "?"]
[White "Sacerdotali, Sergio"]
[Black "Willmann, Bernd"]
[Result "1/2-1/2"]
[WhiteElo "2173"]
[BlackElo "2286"]
[PlyCount "65"]
[EventDate "2017.10.31"]
[EventType "tourn (corr)"]
[EventRounds "6"]
[EventCountry "GER"]
[SourceTitle "Corr 2022"]
[Source "ChessBase"]
[SourceDate "2021.10.24"]
[SourceVersion "1"]
[SourceVersionDate "2021.10.24"]
[SourceQuality "1"]

1. d4 Nf6 2. c4 e6 3. Nf3 b6 4. a3 Bb7 5. Nc3 d5 6. cxd5 Nxd5 7. Qc2 Nxc3 8. Qxc3 Nd7 9. Bg5 f6 10. Bf4 c5 11. e3 cxd4 12. exd4 g5 13. Bg3 Rc8 14. Qb3 Bd5 15. Qe3 Be7 16. Bb5 h5 17. h3 Kf7 18. 0-0 h4 19. Bh2 Nf8 20. Rac1 Rxc1 21. Rxc1 Bd6 22. Bc6 Ng6 23. Bxd5 exd5 24. Rc6 Bxh2+ 25. Nxh2 Re8 26. Qc3 Re6 27. Rxe6 Kxe6 28. Ng4 Kf7 29. Nh6+ Kg7 30. Nf5+ Kf7 31. Nh6+ Kg7 32. Nf5+ Kf7 33. Nh6+ 1/2-1/2